000
00422nam a2200133Ia 4500
008
100328s9999 xx 000 0 und d
082
_b
40237
100
_a
राजे नयना
245
_a
जाहल्या काही चुका
260
_b
मुक्ता
630
_a
जाहल्या काही चुका
730
_a
जाहल्या काही चुका
942
_c
BOOK
999
_c
528994
_d
528991